| 000 | 00587nam a2200181Ia 4500 | ||
|---|---|---|---|
| 008 | 151018s9999 xx 000 0 und d | ||
| 082 |
_bRBASDV13103 _a891.463 |
||
| 100 | _aमनमोहन लोककवी | ||
| 245 | _aब्र्ह्यावत | ||
| 250 | _b1 | ||
| 260 |
_bसुरस प्रकाशन पंजाब _c1979 |
||
| 300 | _a176 | ||
| 600 | _aमनमोहन लोककवी | ||
| 630 | _aब्र्ह्यावत | ||
| 700 | _aमनमोहन लोककवी | ||
| 730 | _aब्र्ह्यावत | ||
| 942 | _cBOOK | ||
| 999 |
_c1015340 _d1015337 |
||